00708nam a2200193 i 450000100060000000300090000600500170001500700030003200800410003510000300007624501300010625000150023626000350025130000220028670000350030885200320034399900170037595201220039286964ES-MaACL20230906175548.0t|041217s1970 sp ||||1| spa d1 aKoning, Frederick.96855713aLa llamada de la carne b: Apolonios, servidor del dios Esculapio /cFrederick Koning ; [traducción, Cristóbal Zaragoza]. a[1ª ed.]. aBarcelona : bPlaneta, c1970. a550 p. ; c21 cm.1 aZaragoza, Cristóbal.9118028 aES-MaACLjC-38451 bR.72917 c86964d86964 00104070aATENEOMbATENEOMcDEPO2d2008-01-17eSCl0oC-38451p1090862r2023-02-23 00:00:00w2023-02-23yMONOGRAFIA